00686nam a2200157Ia 4500008004100000040001800041041000800059110005100067245013300118260004900251300001700300651006600317651004700383651005700430700004100487130821s1913 ck gr spa  aCo-BoUCMbspa00aspa2 aColombia.bMinisterio de Relaciones Exteriores10aMemoria del Ministro de relaciones Exteriores al Congreso de 1913cMinisterio de Relaciones Exteriores, Francisco José Urrutia aBogotá (Colombia)bImprenta Nacionalc1913 a93 páginas 7aColombiabMinisterio de Relaciones ExterioresvInformesy1913 7aColombiabRelaciones internacionalesy1913 7aColombiaxAdministración públicavInformesy19131 aUrrutia, Francisco Joséd1870-1950